| 000 | 01451nam0a2200361 4500 | ||
|---|---|---|---|
| 001 | RU\NLR\BIBL_A\022532235 | ||
| 005 | 20250523144514.0 | ||
| 010 |
_a978-5-04-208975-6 _92000 |
||
| 021 |
_aRU _bКН-П-25-013741 _9КН-П-25-1399 |
||
| 035 | _a(NLR Aleph) 022532235 | ||
| 090 |
_a13404255 _c13404255 |
||
| 100 | _a20250428d2025 u y0rusy50 ca | ||
| 101 | 1 |
_arus _cjpn |
|
| 102 | _aRU | ||
| 105 | _aac z 000zy | ||
| 181 | 0 |
_ab3 _bxb2e |
|
| 181 | 0 |
_ai2 _baxxe |
|
| 182 | 0 | _an | |
| 200 | 1 |
_aЖивописное вязание Эрики Токай _eсекреты сочетания цвета, материала и формы _g[перевод с японского] |
|
| 203 |
_aИзображение _aТекст _bвизуальные _cнепосредственные |
||
| 210 |
_aМосква _cЭксмо, Бомбора _d2025 (печ. 2024) |
||
| 215 |
_a143 с. _cил., цв. ил., цв. портр. _d25 |
||
| 225 | 1 |
_aЗвезды рукоделия _iБестселлер из Японии |
|
| 300 | _aАвт. указан на обороте тит. с. в макете | ||
| 300 | _aНа 4-й с. обл. авт.: Э. Токай - дизайнер | ||
| 333 | _a12+ | ||
| 606 | 1 |
_aВязание спицами _92090628 _3RU\NLR\AUTH\661569003 |
|
| 686 | 1 | _aМ483 | |
| 700 | 1 |
_aТокай _bЭ. _gЭрика |
|
| 942 | _cBOOK | ||
| 980 | _aNB | ||